000 01248nam a22002537a 4500
001 65199
003 BD-RjUL
005 20211209081409.0
008 170301s1998 ii a|||| |||| 00| 0 ben d
020 _c: IRs. 40.00
035 _a(BD-RjUL)65329
040 _aBD-RjUL
_bben
_cBD-RjUL
_dBD-RjUL
041 _aben
082 _223
_aB 891.442092
_bGEK 1998
100 1 _aলেবেদেফ, গেরাসিম স্তেপানোভিচ
_9193066
245 _aকলকাতায় আমি ও আমার থিয়েটার /
_cগেরাসিম স্তেপানোভিচ লেবেদেফ ; সংগ্রহ ও সম্পাদনা তন্দ্রা চক্রবর্তী
250 _a২য় সং
260 _aকলিকাতা :
_bনাট্যচিন্তা;
_c১৯৯৮
300 _a৯৫ পৃ. :
_bচিত্র ;
_c২২ সেমি.
600 _aলেবেদেফ, গেরাসিম স্তেপানোভিচ
_d১৭৪৯-১৮১৭
_xজ়ীবনী
_9193070
600 _aLebedepha, gerasima stepanobhica
_d1749-1817
_xBiography
_9193071
700 _aচক্রবর্তী, তন্দ্রা
_9193069
942 _2ddc
_cBK
999 _c65199
_d65199